| 000 | 004740000a22001930004500 | ||
|---|---|---|---|
| 001 | 002750 | ||
| 003 | MACL | ||
| 005 | 20150705170433.0 | ||
| 008 | 150705b xxu||||| |||| 00| 0 eng d | ||
| 040 |
_aMACL _cMACL |
||
| 041 | _aEnglish | ||
| 082 | _a306/MAD | ||
| 100 |
_aMadan, P.L _91016 |
||
| 245 |
_aTaibet: Saga Of Indian Explorers _b1864-1894 _cP.L Madan |
||
| 260 |
_aDelhi _c2004 _bManohar, |
||
| 350 | _a750 | ||
| 650 |
_aSocial Science _929 |
||
| 942 |
_k306 _cBK _2ddc |
||
| 999 |
_c14659 _d14659 |
||